LDR 00663naa#a2200193#i#450# 001 EN\\bibl\119794 005 20260418033754.6 011 ## _a1819-4036 100 ## _a20210226b2021####ek#y0engy0150####ca 102 ## _aRU 200 1# _aSULFUR IN THE SOILS OF THE MINUSINSK FOREST-STEPPE OF KRASNOYARSK REGION _eJournal article 210 1# _aKrasnoyarsk _cKrasnoyarsk State Agrarian University _d2021 215 ## _a8 с. 608 ## _aJournal article _2local 675 ## _aОбщие вопросы сельского хозяйства. 631 _z 700 #1 _aVoloshin _gEvgeniy Ivanovich 700 #1 _aSergeev _gAlexander 700 #1 _aYuferova _gEkaterina Vladimirovna 856 4# _asej.kgau.ru _u